000 00722nam a2200253 i 4500
001 C2-0340829
003 PPAK
005 20180728142650.0
008 170212s2005 nyu |||| ||||| | eng d
020 _a9780316057905
040 _aPPAK
_beng
_cPPAK
_erda
082 0 4 _a153.44
_223
090 0 0 _a153.44
_bGLA
_dLCK
100 1 _aGladwell, Malcolm,
_d1963-
_eauthor
245 1 0 _aBlink :
_bthe power of thinking without thinking
264 1 _aNew York :
_bBack Bay Books ,
_c2005
300 _axii, 287 pages ;
_c18 cm
336 _2rdacontent
_atext
337 _2rdamedia
_aunmediated
338 _2rdacarrier
_avolume
500 _aIncludes index.
650 1 0 _aDecision making. ; Intuition.
942 _ddc
_cB
999 _c137964
_d137964